Who directed this movie? - Statistics

General Stats
  • This quiz has been taken 49 times
  • The average score is 273 of 315
Answer Stats
Question Tile Select % Correct
Jurassic Park Christopher Nolan No
100%
Jurassic Park David Fincher No
100%
Jurassic Park Orson Welles No
100%
Jurassic Park Quentin Tarantino No
100%
Jurassic Park Sergio Leone No
100%
Jurassic Park Stanley Kubrick No
100%
Jurassic Park Woody Allen No
100%
2001: A Space Odyssey Akira Kurosawa No
97%
2001: A Space Odyssey Alfred Hitchcock No
97%
Pulp Fiction Christopher Nolan No
97%
Jurassic Park Coen Brothers No
97%
Titanic David Fincher No
97%
2001: A Space Odyssey Guillerme del Toro No
97%
Titanic Guillermo del Toro No
97%
Pulp Fiction Hans Zimmer No
97%
2001: A Space Odyssey James Cameron No
97%
2001: A Space Odyssey Martin Scorsese No
97%
Titanic Martin Scorsese No
97%
Pulp Fiction Martin Scorsese No
97%
Titanic Orson Welles No
97%
Pulp Fiction Orson Welles No
97%
Pulp Fiction Peter Jackson No
97%
Pulp Fiction Quentin Tarantino Yes
97%
Titanic Robert Zemeckis No
97%
Pulp Fiction Robert Zemeckis No
97%
Jurassic Park Steven Spielberg Yes
97%
Titanic Steven Spielberg No
97%
Pulp Fiction Steven Spielberg No
97%
Pulp Fiction Tim Burton No
97%
Titanic Woody Allen No
97%
The Godfather Trilogy Alejandro Gonzáles Iñá No
94%
Schinder's List Alejandro Gonzáles Iñá No
94%
Back to the Future Trilogy Alfred Hitchkok No
94%
Goodfellas Alfred Hitchkok No
94%
Titanic Christopher Nolan No
94%
Goodfellas Christopher Nolan No
94%
Avatar Clint Eastwood No
94%
Goodfellas David Fincher No
94%
Goodfellas David Lynch No
94%
Avatar David Lynch No
94%
2001: A Space Odyssey Denis Villeneuve No
94%
Citizen Kane Denis Villeneuve No
94%
The Godfather Trilogy Federico Fellini No
94%
Schinder's List Federico Fellini No
94%
Back to the Future Trilogy Francis Ford Coppola No
94%
Avatar George Lucas No
94%
The Godfather Trilogy Guillermo del Toro No
94%
Back to the Future Trilogy Hayao Miyazaki No
94%
Back to the Future Trilogy James Cameron No
94%
Titanic James Cameron Yes
94%
Citizen Kane James Cameron No
94%
The Godfather Trilogy James Cameron No
94%
Schinder's List Martin Scorsese No
94%
Schinder's List Orson Welles No
94%
Goodfellas Quentin Tarantino No
94%
2001: A Space Odyssey Ridley Scott No
94%
Citizen Kane Ridley Scott No
94%
The Godfather Trilogy Ridley Scott No
94%
Avatar Robert Zemeckis No
94%
Schinder's List Robert Zemeckis No
94%
Back to the Future Trilogy Sergio Leone No
94%
The Godfather Trilogy Siergo Leone No
94%
Avatar Stanley Kubrick No
94%
2001: A Space Odyssey Steven Spielberg No
94%
Goodfellas Steven Spielberg No
94%
Avatar Steven Spielberg No
94%
Back to the Future Trilogy Tim Burton No
94%
Citizen Kane Tim Burton No
94%
Schinder's List Tim Burton No
94%
Schinder's List Woody Allen No
94%
Zodiac Alejandro Gonzáles Iñá No
91%
Gladiator Alfonso Cuaron No
91%
Fight Club Alfred Hitchkok No
91%
Full Metal Jacket Alfred Hitchkok No
91%
The Godfather Trilogy Al Pacino No
91%
Full Metal Jacket Christopher Nolan No
91%
Edward Scissorhands Christopher Nolan No
91%
Fight Club Clint Eastwood No
91%
Annie Hall Coen Brothers No
91%
Gladiator Coen Brothers No
91%
Citizen Kane David Fincher No
91%
Vertigo David Fincher No
91%
Edward Scissorhands David Fincher No
91%
Blade Runner David Lynch No
91%
Edward Scissorhands David Yates No
91%
Blade Runner Francis Ford Coppola No
91%
No Country for Old Men Francis Ford Coppola No
91%
Forrest Gump Francis Ford Coppola No
91%
The Good, the Bad and the Ugly George Lucas No
91%
Citizen Kane George Lucas No
91%
Full Metal Jacket George Lucas No
91%
Gladiator George Lucas No
91%
Vertigo Howard Shore No
91%
Annie Hall James Cameron No
91%
Forrest Gump James Cameron No
91%
Zodiac James Cameron No
91%
Fight Club Jean-Luc Godart No
91%
No Country for Old Men Luc Besson No
91%
The Godfather Trilogy Martin Scorsese No
91%
Annie Hall Martin Scorsese No
91%
Blade Runner Martin Scorsese No
91%
Forrest Gump Martin Scorsese No
91%
Zodiac Martin Scorsese No
91%
Edward Scissorhands Martin Scorsese No
91%
Forrest Gump Orson Welles No
91%
The Good, the Bad and the Ugly Peter Jackson No
91%
Citizen Kane Peter Jackson No
91%
Blade Runner Peter Jackson No
91%
Avatar Peter Jackson No
91%
Fight Club Quentin Tarantino No
91%
Tenet Quentin Tarantino No
91%
No Country for Old Men Quentin Tarantino No
91%
Zodiac Quentin Tarantino No
91%
The Wolf of Wall Street Quentin Tarantino No
91%
Edward Scissorhands Quentin Tarantino No
91%
Avatar Ridley Scott No
91%
Schinder's List Ridley Scott No
91%
Zodiac Ridley Scott No
91%
The Wolf of Wall Street Ridley Scott No
91%
The Good, the Bad and the Ugly Robert Zemeckis No
91%
Fight Club Robert Zemeckis No
91%
Full Metal Jacket Robert Zemeckis No
91%
Gladiator Robert Zemeckis No
91%
The Good, the Bad and the Ugly Stanley Kubrick No
91%
Vertigo Stanley Kubrick No
91%
Gladiator Stanley Kubrick No
91%
Edward Scissorhands Stanley Kubrick No
91%
Vertigo Steven Spielberg No
91%
Tenet Steven Spielberg No
91%
Schinder's List Steven Spielberg Yes
91%
Gladiator Steven Spielberg No
91%
The Wolf of Wall Street Steven Spielberg No
91%
The Good, the Bad and the Ugly The Coen Brothers No
91%
Tenet Tim Burton No
91%
Annie Hall Tim Burton No
91%
Blade Runner Tim Burton No
91%
The Wolf of Wall Street Tim Burton No
91%
Goodfellas Wes Anderson No
91%
Fight Club Woody Allen No
91%
Forrest Gump Woody Allen No
91%
Vertigo Akira Kurosawa No
88%
Tenet Alfonso Cuaron No
88%
Zodiac Alfonso Cuaron No
88%
Taxis Driver Alfonso Cuaron No
88%
The Wolf of Wall Street Alfonso Cuaron No
88%
Citizen Kane Alfred Hitchkok No
88%
Tenet Christopher Colombus No
88%
Forrest Gump Christopher Nolan No
88%
Gladiator Christopher Nolan No
88%
Inglorious Basterds Christopher Nolan No
88%
Taxis Driver Christopher Nolan No
88%
Fight Club Coen Brothers No
88%
Spirited Away Coen Brothers No
88%
Back to the Future Trilogy David Fincher No
88%
No Country for Old Men David Fincher No
88%
Inglorious Basterds David Fincher No
88%
Inglorious Basterds David Lynch No
88%
Spirited Away Denis Villeneuve No
88%
Arrival Francis Ford Coppola No
88%
The Godfather Trilogy Francis Ford Coppola Yes
88%
Full Metal Jacket Francis Ford Coppola No
88%
Arrival George Lucas No
88%
Seven Samurai George Lucas No
88%
Full Metal Jacket Guillerme del Toro No
88%
Arrival James Cameron No
88%
Spirited Away James Cameron No
88%
Avatar James Cameron Yes
88%
Full Metal Jacket Martin Scorsese No
88%
The Good, the Bad and the Ugly Orson Welles No
88%
Seven Samurai Orson Welles No
88%
Taxis Driver Orson Welles No
88%
Arrival Peter Jackson No
88%
Seven Samurai Peter Jackson No
88%
Gladiator Peter Jackson No
88%
Inglorious Basterds Peter Jackson No
88%
Edward Scissorhands Peter Jackson No
88%
Full Metal Jacket Quentin Tarantino No
88%
Tenet Ridley Scott No
88%
Annie Hall Ridley Scott No
88%
Spirited Away Ridley Scott No
88%
Inglorious Basterds Ridley Scott No
88%
The Revenant Ridley Scott No
88%
Annie Hall Robert Zemeckis No
88%
No Country for Old Men Robert Zemeckis No
88%
Taxis Driver Robert Zemeckis No
88%
The Wolf of Wall Street Robert Zemeckis No
88%
Seven Samurai Sergio Leone No
88%
Inglorious Basterds Sergio Leone No
88%
Taxis Driver Sergio Leone No
88%
Annie Hall Siergo Leone No
88%
2001: A Space Odyssey Stanley Kubrick Yes
88%
Inglorious Basterds Stanley Kubrick No
88%
Spirited Away Steven Spielberg No
88%
Blade Runner Steven Spielberg No
88%
No Country for Old Men Steven Spielberg No
88%
The Good, the Bad and the Ugly Tim Burton No
88%
Vertigo Tim Burton No
88%
Seven Samurai Victor Fleming No
88%
Forrest Gump Victor Fleming No
88%
Tenet Wes Anderson No
88%
No Country for Old Men Wes Anderson No
88%
Taxis Driver Wes Anderson No
88%
Edward Scissorhands Wes Anderson No
88%
Vertigo Woody Allen No
88%
The Revenant Woody Allen No
88%
Seven Samurai Alejandro Gonzáles Iñá No
84%
Once Upon a Time in the West Alejandro Gonzáles Iñá No
84%
Once Upon a Time in the West Alfonso Cuaron No
84%
Birdman Alfred Hitchkok No
84%
Gone with the Wind Alfred Hitchkok No
84%
Zodiac Christopher Columbus No
84%
Fight Club Christopher Nolan No
84%
The Revenant Clint Eastwood No
84%
Seven Samurai David Fincher No
84%
Thelma and Louise David Fincher No
84%
Once Upon a Time in the West David Fincher No
84%
Blade Runner Denis Villeneuve No
84%
Goodfellas Francis Ford Coppola No
84%
Once Upon a Time in the West Guillermo del Toro No
84%
La Dolce Vita Hayao Miyazaki No
84%
Seven Samurai Hayao Miyazaki No
84%
Thelma and Louise James Cameron No
84%
No Country for Old Men Jean-Luc Godard No
84%
Arrival Jean-Luc Godart No
84%
La Dolce Vita Martin Scorsese No
84%
Thelma and Louise Martin Scorsese No
84%
Inglorious Basterds Martin Scorsese No
84%
Gone with the Wind Orson Welles No
84%
Once Upon a Time in the West Orson Welles No
84%
Gone with the Wind Peter Jackson No
84%
Birdman Quentin Tarantino No
84%
La Dolce Vita Quentin Tarantino No
84%
Inglorious Basterds Quentin Tarantino Yes
84%
Taxis Driver Quentin Tarantino No
84%
The Revenant Quentin Tarantino No
84%
Vertigo Ridley Scott No
84%
Gone with the Wind Ridley Scott No
84%
Once Upon a Time in the West Ridley Scott No
84%
Gladiator Ridley Scott Yes
84%
La Dolce Vita Sergio Leone No
84%
La Dolce Vita Stanley Kubrick No
84%
Blade Runner Stanley Kubrick No
84%
Thelma and Louise Steven Spielberg No
84%
The Revenant Tim Burton No
84%
Edward Scissorhands Tim Burton Yes
84%
Gone with the Wind Wes Anderson No
84%
Birdman Wong Kar-wai No
84%
Arrival Woody Allen No
84%
Spirited Away Alejandro Gonzáles Iñá No
81%
Fight Club David Fincher Yes
81%
Gone with the Wind David Fincher No
81%
The Wolf of Wall Street David Fincher No
81%
Taxis Driver David Yates No
81%
The Good, the Bad and the Ugly Federico Fellini No
81%
Birdman Federico Fellini No
81%
Once Upon a Time in the West Francis Ford Coppola No
81%
Spirited Away Grimm Brothers No
81%
Spirited Away Jean-Luc Godard No
81%
Annie Hall Joseph Kosinski No
81%
Goodfellas Martin Scorsese Yes
81%
Back to the Future Trilogy Steven Spielberg No
81%
Seven Samurai Akira Kurosawa Yes
78%
King Kong Akira Kurosawa No
78%
La Dolce Vita Alejandro Gonzáles Iñá No
78%
Arrival Christopher Nolan No
78%
King Kong David Fincher No
78%
Thelma and Louise David Lynch No
78%
The Revenant David Lynch No
78%
The Wolf of Wall Street David Lynch No
78%
Tenet David Yates No
78%
Once Upon a Time in the West Federico Fellini No
78%
King Kong Francis Ford Coppola No
78%
Birdman Guillermo del Toro No
78%
Taxis Driver Martin Scorsese Yes
78%
Citizen Kane Orson Welles Yes
78%
Gone with the Wind Robert Zemeckis No
78%
Birdman Sergio Leone No
78%
Full Metal Jacket Stanley Kubrick Yes
78%
Forrest Gump Steven Spielberg No
78%
La Dolce Vita Wes Anderson No
78%
La Dolce Vita Woody Allen No
78%
King Kong Woody Allen No
78%
Thelma and Louise Alejandro Gonzáles Iñá No
75%
Vertigo Alfred Hitchkok Yes
75%
Gone with the Wind Ben Affleck No
75%
The Revenant Coen Brothers No
75%
King Kong David Lynch No
75%
Zodiac David Lynch No
75%
Thelma and Louise Francis Ford Coppola No
75%
King Kong George Lucas No
75%
Blade Runner Ridley Scott Yes
75%
Back to the Future Trilogy Robert Zemeckis Yes
75%
The Good, the Bad and the Ugly Sergio Leone Yes
75%
Once Upon a Time in the West Siergo Leone Yes
75%
King Kong Wes Anderson No
75%
Birdman Coen Brothers No
72%
No Country for Old Men Coen Brothers Yes
72%
Arrival Ridley Scott No
72%
King Kong Ridley Scott No
72%
Forrest Gump Robert Zemeckis Yes
72%
Annie Hall Woody Allen Yes
72%
Birdman Denis Vileneuve No
69%
Spirited Away Hayao Miyazaki Yes
69%
The Revenant Alfonso Cuaron No
66%
Tenet Christopher Nolan Yes
66%
Zodiac David Fincher Yes
66%
La Dolce Vita Federico Fellini Yes
66%
King Kong Peter Jackson Yes
66%
Gone with the Wind Victor Fleming Yes
66%
Thelma and Louise Alfonso Cuaron No
63%
The Wolf of Wall Street Martin Scorsese Yes
63%
Arrival Denis Villeneuve Yes
56%
Birdman Alejandro Gonzáles Iñá Yes
41%
The Revenant Alejandro Gonzáles Iñá Yes
38%
Thelma and Louise Ridley Scott Yes
38%
No matching quizzes found
Score Distribution
Percent of People with Each Score
Percentile by Number Answered
Your Score History
You have not taken this quiz